| 000 | 01061nam a22002417a 4500 | ||
|---|---|---|---|
| 999 |
_c65395 _d65395 |
||
| 005 | 20240530110822.0 | ||
| 008 | 190711s2017 ua a g 000 0 ara d | ||
| 017 | _bمصر. دار الكتب | ||
| 020 | _a9789933572037 | ||
| 040 |
_aEG-CaGPL _cEG-CaGPL |
||
| 082 | 0 | 4 |
_221 _a949.61015 / _bص س |
| 100 | 0 | _aصدام خليفة عبيد | |
| 245 | 1 | 0 |
_aسياسة الدولة العثمانية تجاه الامبراطورية الرومانية المقدسة 1520 - 1566 : _bالصراع العثمانى النمساوى على المجر نموذجا / _cصدام خليفة عبيد |
| 250 | _aط.1 | ||
| 260 |
_aدمشق : _bصفحات للدراسات والنشر والتوزيع، _c2017 . |
||
| 300 |
_a436 ص. ؛ _c24 سم. |
||
| 650 | 0 | 7 |
_aالحضارة العربية _2qrmak |
| 650 | 0 | 7 |
_aالحضارة الاسلامية _2qrmak |
| 650 | 0 | 7 |
_aالامبراطورية الرومانية _2qrmak |
| 651 | 0 | 7 |
_2qrmak _aالامبراطورية العثمانية |
| 942 |
_2ddc _cBK |
||